00506nam a2200193 a 450000100060000000300090000600800410001502000150005604000280007108200190009910000210011824500210013926000430016030000100020349000260021365000290023965000220026865000220029017633CO-ViMGA141112s2004 ck r 000 u spa d a8488061781 aCO-ViMGAbspacCO-ViMGA04a759.9492 C747v1 aCrispino, Enrica10aVincent Van Gogh aBarcelona (España), cSerres, c1997 a64.p. aLos maestros del arte14aCRITICA E INTERPRETACION14aGOGH, VINCENT VAN14aPINTURA HOLANDESA